Recovered Memories and False Memories (Record no. 250)
[ view plain ]
| 000 -LEADER | |
|---|---|
| fixed length control field | 01443cam a22001934a 4500 |
| 005 - ΗΜΕΡΟΜΗΝΙΑ ΚΑΙ ΩΡΑ ΤΕΛΕΥΤΑΙΑΣ ΕΝΗΜΕΡΩΣΗΣ | |
| Πεδίο ελέγχου | 20250605163929.0 |
| 008 - FIXED-LENGTH DATA ELEMENTS--GENERAL INFORMATION | |
| Πεδίο ελέγχου σταθερού μήκους | 250528s ||||||||||||||||||||||||d |
| 035 ## - SYSTEM CONTROL NUMBER | |
| System control number | 14626 |
| 020 ## - ISBN | |
| ISBN | 198523866 |
| 040 ## - ΠΗΓΗ ΚΑΤΑΛΟΓΟΓΡΑΦΗΣΗΣ | |
| Φορέας πρωτότυπης καταλογογράφησης | MC Athens Campus Library |
| Γλώσσα καταλογογράφησης | Ελληνικά, Μοντέρνα (1453-) |
| Modifying agency | MC Athens Campus Library |
| Κανόνες περιγραφικής καταλογογράφησης | AACR2 |
| 245 1# - ΤΙΤΛΟΣ ΚΑΙ ΔΗΛΩΣΗ ΥΠΕΥΘΥΝΟΤΗΤΑΣ | |
| Τίτλος | Recovered Memories and False Memories |
| 260 ## - PUBLICATION, DISTRIBUTION, ETC. | |
| Name of publisher, distributor, etc. | Oxford University Press, |
| Date of publication, distribution, etc. | 1997 |
| 300 ## - PHYSICAL DESCRIPTION | |
| Extent | 308 |
| 520 ## - SUMMARY, ETC. | |
| Summary, etc. | The volume offers a unique and timely survey of the theories of memory recovery, and how false memories may be created. Introduction: What are Memories, The Troublesome Unknowns about Trauma and Recovered Memories, Events Spoken and Unspoken: Implications of Language and Memory Development for the Recovered Memory Debate, The Recovered Memories Debate: A Cognitive Neuroscience Perspective, Suffering from Reminiscences: Exhumed Memory and Implicit Memory and the Return of the Repressed, Recovery of True and False Memories: Paradoxical Effects of Repeated Testing, Past and Present: Recovered Memories and False Memories, Reasoning about Repression: Inferences from Clinical and Experimental Data, Delayed Memories of Child Sexual Abuse: Critique of the Controversy and Clinical Guidelines, Remembering and Forgetting Traumatic Experiences: A Matter of Survival, Taking the Middle Line: Can We Accommodate both Fabricated and Recovered Memories of Sexual Abuse?, Index. |
| 700 1# - ΠΡΟΣΘΕΤΗ ΑΝΑΓΡΑΦΗ--ΦΥΣΙΚΟ ΠΡΟΣΩΠΟ | |
| Personal name | Conway Martin A |
| 9 (RLIN) | 360 |
| 942 ## - ADDED ENTRY ELEMENTS (KOHA) | |
| Koha item type | Books |
| Τύπος τεκμηρίου | Βιβλιοθήκη | Τρέχουσα τοποθεσία | Barcode | Αριθμός εισαγωγής | Ημερομηνία απόκτησης | Ταξιθετικό σύμβολο | Αριθμός αντιτύπου | Κατάσταση απόσυρσης | Κατάσταση χαμένου | Κατάσταση κατεστραμμένου | Μη δανεισμός | Σύνολο δανεισμών | Ημερομηνία τελευταίας εμφάνισης | Η τιμή ισχύει από |
|---|---|---|---|---|---|---|---|---|---|---|---|---|---|---|
| Books | MC Athens Campus Library | MC Athens Campus Library | 9780000002495 | 2908 | 05/06/2025 | 153.12 CON | 1 | 05/06/2025 | 05/06/2025 |